• 首页
  • 本馆介绍
  • 公告通知
  • 最新文献
  • 馆藏检索
  • 电子资源
  • 读者导购
  • 参考咨询
  • 我的图书馆
  • 登录
  • 详细信息显示
  • 放入我的书架
  • 预约/预借图书
  • 作者相关作品
  • 分类相关作品
  • 丛书相关作品
  • 出版社相关作品

书目信息

  • 表格格式
  • 工作单格式
  • 卡片格式
题名:
日本
    
 
作者: 孙叔林 , 韩铁英 主编
分册:  
出版信息: 北京   社会科学文献出版社  2005
页数: 16,597页
开本: 21cm
丛书名: 列国志
单 册:
中图分类: K931.3
科图分类:
主题词:
电子资源:
ISBN: 7-80190-623-3
000 01235nam0 2200361 450
000 01198nam0 2200349 450
000 01196nam0 2200361 450
000 01142nam0 2200337 450
000 01160nam0 2200325 450
000 01123nam0 2200313 45
001 TS2006029031
005 20061228163228.07
010    @a7-80190-623-3@dCNY45.00
100    @a20060829d2005 em y0chiy0120 ea
101 0  @achi
102    @aCN@b110000
105    @aab z 000yy
200 1  @a日本@Ari ben@f孙叔林,韩铁英主编@FSun Shu Lin, Han Tie Ying Zhu Bian
210    @a北京@c社会科学文献出版社@d2005
215    @a16,597页@c地图,彩照@d21cm
225 2  @a列国志
300    @a中国社会科学院重大课题 国家“十五”重点出版项目
330    @a日本是我国“一衣带水”的邻邦。为了对我们的东方邻国日本加深了解,本书讲给读者提供对日本的全面系统、客观公正的介绍。
410  0 @12001 @a列国志
510 1  @aJapan@zeng
607    @a日本@x概况
690    @aK931.3@v4
701  0 @a孙叔林@Asun shu lin@f(1939~)@4主编
701  0 @a韩铁英@Ahan tie ying@f(1952~)@4主编
801  0 @aCN@b中图数据@c20061228
905    @a10447@dK931.3@e148
    
    日本/孙叔林,韩铁英主编.-北京:社会科学文献出版社,2005
    16,597页:地图,彩照;21cm.-(列国志)
    中国社会科学院重大课题 国家“十五”重点出版项目
    
    ISBN 7-80190-623-3:CNY45.00
    日本是我国“一衣带水”的邻邦。为了对我们的东方邻国日本加深了解,本书讲给读者提供对日本的全面系统、客观公正的介绍。
●
相关链接 在E读中查询图书 在五车中查询图书 在当当中查询图书 在豆瓣中查询图书


正题名:日本     索取号:K931.3/148         预约/预借

序号 登录号 条形码 馆藏地/架位号 状态 备注
1 0611690   206116905   第二样本阅览室/ [索取号:K931.3/148] 在馆    
2 0611691   206116914   第二借阅区/ [索取号:K931.3/148] 在馆    
3 0611692   206116923   第二借阅区/ [索取号:K931.3/148] 在馆    
4 0611693   206116932   第二借阅区/ [索取号:K931.3/148] 在馆    
5 0611694   206116941   第二借阅区/ [索取号:K931.3/148] 在馆    
唐山师范学院图书馆 欢迎您!
大连网信软件有限公司© 版权所有